000 01093cam a2200289 a 4500
001 2453640
003 OSt
005 20191217141512.0
008 890908s1991 njua b 001 0 eng
010 _a 89027451
020 _a013558826X
040 _aDLC
_cDLC
_dDLC
050 0 0 _aHF5415.135
_b.D93 1990
082 0 0 _a658.802 / D996a
_220
100 1 _aDyer, Robert F.
_92635
245 1 3 _aAn analytic approach to marketing decisions /
_cRobert F. Dyer, Ernest H. Forman.
250 _a1st Edn.
260 _aEnglewood Cliffs, N.J. :
_bPrentice Hall,
_cc1991.
300 _axiii, 368 p. :
_bill. ;
_c25 cm. +
_e1 computer disk (5 1/4 in.)
500 _aIncludes Index
504 _aIncludes bibliographical references and index.
650 0 _aMarketing, Decisions, Decision Making
_xDecision making.
_92636
700 1 _aForman, Ernest H.
_92637
906 _a7
_bcbc
_corignew
_d1
_eocip
_f19
_gy-gencatlg
942 _2ddc
_cBK
999 _c6190
_d6190